000
00335pab a2200145 454500
008
180718b1998 xxu||||| |||| 00| 0 eng d
100
_a
Agarwal, Rashmi
245
_a
We, the untrained tertiary teachers
260
_c
1998
300
_a
p.6-8
362
_a
8 Jun
650
_a
Teachers
773
_a
University News
909
_a
37881
999
_c
37881
_d
37881